| 000 | 00710nam a22002297a 4500 | ||
|---|---|---|---|
| 003 | UA-OsUOA | ||
| 001 | 86865 | ||
| 007 | ta | ||
| 008 | 20120912b un ||||| |||| 00| 0 ukr d | ||
| 100 | _aРейман М. | ||
| 090 |
_a94 (430) _bР 35 |
||
| 942 | _cBK | ||
| 040 |
_aUA-OsUOA _brus _cUA-OsUOA _dUA-OsUOA |
||
| 245 | _aВлияние Великого Октября на трудящихся Германии. Отношения к Советскому Союзу - вопрос жизни нашей нации | ||
| 300 | _a151 с. | ||
| 955 | _a2 | ||
| 041 | _arus | ||
| 080 | _a94 (430) | ||
| 260 |
_aМ. _bПолитической литературы _c1967 |
||
| 650 | 7 | _2UDC | |
| 999 |
_c373033 _d373033 |
||